LEADER 01254nam a2200277 i 4500 001 000000135740 003 CaOOAMICUS 005 20250908141410.0 008 050310s1974 it u000 u mul u 040 $aSeMil$bita 100 1 $aCatullus, Gaius Valerius,$d<87-54 a.C.>.$0(OLS)http://semarc/name/6498 245 13$aIl libro /$cdi Gaio Valerio Catullo ; e i frammenti dei «poeti nuovi» ; a cura di Giovanni Battista Pighi. 264 1$aTorino :$bUnione Tipografico-Editrice Torinese,$c1974. 300 $a471 p., [6] c. di tav. ;$c24 cm. 490 1 $aClassici latini 500 $aContiene: Catulli veronensis liber ; Fragmenta lyricorum latinorum qui ab Acciana ad Catullianam aetatem fuerunt 546 $aTesto latino a fronte 700 1 $aPighi, Giovanni Battista,$d<1898-1979>.$0(OLS)http://semarc/name/7391 830 0$aClassici latini .$0(OLS)http://semarc/title/101 850 $aSeMil 852 $aSeMil$W1$xVenegono$y1$m1Y V 25$j261550$B89384$CSeMilBibl$Z2$F94110 $81 900 0 $aCatullo. 996 $6245$aIl libro$9(OLS)http://semarc/title/198434 996 $6264$aTorino :$bUnione Tipografico-Editrice Torinese$9(OLS)http://semarc/publisher/29628 LEADER 01669nam a2200349 i 4500 001 000000193551 003 CaOOAMICUS 005 20260130085833.0 008 101025s2010 it u000 u ita u 013 $a172194 020 $a978-88-16-30488-8 040 $aSeMil$bita 100 1 $aNewman, John Henry,$c.$0(OLS)http://semarc/name/1226 240 10$aPoetry, with reference to Aristotle's poetics.$0(OLS)http://semarc/title/279023 245 10$aPoeta :$bSaggio sulla poesia, Antologia poetica, Il sogno di Geronzio /$cJohn Henry Newman ; a cura di Luca Obertello. 250 $aNuova ed. riveduta e aggiornata. 260 $aMilano :$bJaca Book,$c2010. 300 $a157 p. ;$c23 cm. 490 0 $aGią e non ancora [Jaca Book] ;$v488 650 4$aNewman, John Henry <1801-1890> - Opere poetiche.$0(OLS)http://semarc/subject/36386 700 1 $aObertello, Luca.$0(OLS)http://semarc/name/337 730 02$aVerses on various occasions.$0(OLS)http://semarc/title/457896 730 42$aThe dream of Gerontius.$0(OLS)http://semarc/title/457897 830 0$aGią e non ancora ;$v488.$0(OLS)http://semarc/title/5902 830 0$aJohn Henry Newman Opere.$0(OLS)http://semarc/title/457893 850 $aSeMil 852 $aSeMil$W1$xVenegono$y1$m2LA Y 15$j266805$B144125$CSeMilBibl$Z2$F155567 $81 961 $aAcquisto: Jaca Book 996 $6020$a978-88-16-30488-8$9(OLS)http://semarc/number/184981 996 $6245$aPoeta :$bSaggio sulla poesia, Antologia poetica, Il sogno di Geronzio$9(OLS)http://semarc/title/279022 996 $6260$aMilano :$bJaca Book$9(OLS)http://semarc/publisher/29781